Essentials of marketing

Gespeichert in:
Bibliographische Detailangaben
1. Verfasser: McCarthy, Jerome E.
Weitere Verfasser: Perreault, William D.
Format: Buch
Sprache:Englisch
Veröffentlicht: Homewood IRWIN 1988
Ausgabe:4. ed.
Schriftenreihe:<The> Irwin series in marketing
Schlagworte:
Tags: Tag hinzufügen
Keine Tags, Fügen Sie das erste Tag hinzu!

MARC

LEADER 00000nam a2200000 4500
001 c101972
005 20221123135306.2
020 |a 0-256-06009-6 
041 0 |a eng 
044 |a us 
245 1 0 |a Essentials of marketing  |c E. Jerome McCarthy, William D. Perreault 
250 |a 4. ed. 
264 1 |a Homewood  |b IRWIN  |c 1988 
300 |a 512 s. 
490 1 |a <The> Irwin series in marketing 
830 0 |a <The> Irwin series in marketing 
610 2 0 |a marketing 
610 2 0 |a plánovanie strategické 
610 2 0 |a marketing manažment 
610 2 0 |a postavenie spoločenské 
610 2 0 |a firmy 
610 2 0 |a marketing mix 
610 2 0 |a marketing strategický 
610 2 0 |a základňa ekonomická 
610 2 0 |a výskum trhu 
610 2 0 |a segmentácia trhu 
610 2 0 |a prostredie ekonomické 
610 2 0 |a získavanie informácií 
610 2 0 |a rozhodovanie strategické 
610 2 0 |a zákazníci 
610 2 0 |a správanie spotrebiteľa 
610 2 0 |a plánovanie výroby 
610 2 0 |a distribúcia 
610 2 0 |a podpora predaja 
610 2 0 |a maloobchod 
610 2 0 |a veľkoobchod 
100 1 |a McCarthy, Jerome E. 
700 1 |a Perreault, William D.